[Event "Grand Prix #6 (w)"]
[Site "Jermuk ARM"]
[Date "2012.07.22"]
[Round "6"]
[White "Khurtsidze, Nino"]
[Black "Ruan Lufei"]
[Result "0-1"]
[WhiteElo "2456"]
[BlackElo "2483"]
[EventDate "2012.07.16"]
[PlyCount "108"]

1.d4 d5 2.c4 c6 3.e3 Nf6 4.Nf3 Bf5 5.Nc3 e6 6.Nh4 Bg6 7.Nxg6 hxg6 8.a3 
Nbd7 9.b3 Ne4 10.Bb2 Ndf6 11.Nxe4 Nxe4 12.Qc2 Bd6 13.g3 Qg5 14.Bg2 Qf5 15.
Rc1 Nf6 16.Qxf5 gxf5 17.Ke2 g5 18.h3 Kd7 19.Rc2 Rag8 20.Bc3 a6 21.Bb4 Ne8 
22.Bxd6 Nxd6 23.Kd3 Re8 24.Rcc1 f6 25.Ke2 Re7 26.Rc2 Reh7 27.Rcc1 Rg7 28.
Bf3 Rgh7 29.Bg2 Ne4 30.Rh2 Nd6 31.c5 Ne8 32.Rch1 Ng7 33.h4 e5 34.Kd3 Ne6 
35.f3 Rh5 36.Rh3 g4 37.fxg4 fxg4 38.R3h2 exd4 39.exd4 Rf5 40.Rf1 Ng7 41.
Rhh1 Ke7 42.Re1+ Kf7 43.Bf1 Rf3+ 44.Re3 Nf5 45.Rxf3 gxf3 46.Rg1 Rg8 47.g4 
Nxh4 48.Ke3 Nf5+ 49.Kf2 Nxd4 50.b4 f5 51.g5 Ne6 52.Bd3 Nxg5 53.Rh1 Kf6 54.
Rh6+ Ke5 0-1

[Event "Grand Prix #6 (w)"]
[Site "Jermuk ARM"]
[Date "2012.07.22"]
[Round "6"]
[White "Zhao Xue"]
[Black "Batkhuyag, Munguntuul"]
[Result "1/2-1/2"]
[WhiteElo "2556"]
[BlackElo "2447"]
[EventDate "2012.07.16"]
[PlyCount "115"]

1.d4 d5 2.c4 c6 3.Nc3 Nf6 4.Nf3 a6 5.c5 Nbd7 6.Bf4 Nh5 7.e3 Nxf4 8.exf4 
Qc7 9.g3 g6 10.h4 Nf6 11.Ne5 Bg7 12.b4 O-O 13.Bg2 Be6 14.O-O Nd7 15.Qe2 
Rae8 16.a4 Nxe5 17.fxe5 f6 18.f4 fxe5 19.dxe5 Rd8 20.Qd3 Bf5 21.Qd4 e6 22.
Bf3 h5 23.Ne2 Rf7 24.Qe3 Bf8 25.Rfc1 a5 26.b5 cxb5 27.axb5 Rc8 28.c6 bxc6 
29.bxc6 Qa7 30.Kf2 Bb4 31.Qxa7 Rxa7 32.Ke3 Ra6 33.Nd4 Rc7 34.Ra2 Rb6 35.
Be2 Kf8 36.Bb5 Ke7 37.Rca1 Rxb5 38.Nxb5 Rxc6 39.Rxa5 Bxa5 40.Rxa5 Rc2 41.
Ra7+ Kf8 42.Ra3 Bg4 43.Nd6 Rc1 44.Ra8+ Kg7 45.Ra7+ Kf8 46.Kd4 Kg8 47.Ra3 
Kg7 48.Rc3 Rxc3 49.Kxc3 Kf8 50.Kd4 Ke7 51.Kc5 Kd7 52.Nb5 Be2 53.Nd4 Bd1 
54.Kb6 Ba4 55.Kc5 Bd1 56.Kb6 Ba4 57.Kc5 Bd1 58.Kb6 1/2-1/2

[Event "Grand Prix #6 (w)"]
[Site "Jermuk ARM"]
[Date "2012.07.22"]
[Round "6"]
[White "Danielian, Elina"]
[Black "Hou Yifan"]
[Result "1/2-1/2"]
[WhiteElo "2480"]
[BlackElo "2617"]
[EventDate "2012.07.16"]
[PlyCount "64"]

1.d4 e6 2.c4 Nf6 3.Nc3 Bb4 4.Qc2 d5 5.cxd5 exd5 6.Bg5 c5 7.Nf3 h6 8.Bh4 
cxd4 9.Nxd4 Nc6 10.Nxc6 bxc6 11.a3 Ba5 12.e3 O-O 13.Be2 Bxc3+ 14.Qxc3 Ne4 
15.Bxd8 Nxc3 16.Bc7 Nxe2 17.Kxe2 Re8 18.Rhc1 d4 19.Rxc6 Bb7 20.Rc5 Re6 21.
Be5 dxe3 22.fxe3 Bxg2 23.Rg1 Rg6 24.Kf2 Be4 25.Rxg6 Bxg6 26.b4 a6 27.Bd4 
f6 28.Ke2 Be4 29.Rc7 Bf5 30.Rc5 Bd7 31.Rc7 Bf5 32.Rc5 Bd7 1/2-1/2

[Event "Grand Prix #6 (w)"]
[Site "Jermuk ARM"]
[Date "2012.07.24"]
[Round "7"]
[White "Batkhuyag, Munguntuul"]
[Black "Mkrtchian, Lilit"]
[Result "1/2-1/2"]
[WhiteElo "2447"]
[BlackElo "2450"]
[EventDate "2012.07.16"]
[PlyCount "60"]

1.d4 d5 2.Nf3 Nf6 3.Bf4 e6 4.e3 Nh5 5.Bd3 Nxf4 6.exf4 c5 7.c3 cxd4 8.Nxd4 
Nc6 9.Bb5 Qb6 10.O-O Bc5 11.a4 Bxd4 12.Qxd4 Qxd4 13.cxd4 Ke7 14.Rd1 Bd7 
15.Nc3 Rhc8 16.a5 Nb4 17.Be2 Rc7 18.g3 Rac8 19.Ra3 a6 20.Kg2 Kd6 21.Rd2 
Rb8 22.Rb3 Nc6 23.Ra3 Nb4 24.Rb3 Nc6 25.Ra3 Ne7 26.Na2 Rbc8 27.Nb4 Nc6 28.
Na2 Ne7 29.Nb4 Nc6 30.Na2 Ne7 1/2-1/2

[Event "Grand Prix #6 (w)"]
[Site "Jermuk ARM"]
[Date "2012.07.24"]
[Round "7"]
[White "Kovalevskaya, Ekaterina"]
[Black "Khurtsidze, Nino"]
[Result "0-1"]
[WhiteElo "2417"]
[BlackElo "2456"]
[EventDate "2012.07.16"]
[PlyCount "92"]

1.c4 Nf6 2.Nf3 e6 3.g3 d5 4.b3 d4 5.Bg2 c5 6.e3 Nc6 7.exd4 cxd4 8.O-O Bd6 
9.d3 h6 10.Ba3 O-O 11.Bxd6 Qxd6 12.a3 a5 13.Nbd2 e5 14.Qe2 Bf5 15.Rfe1 
Rfe8 16.Nh4 Bh7 17.Ne4 Bxe4 18.Bxe4 Nxe4 19.Qxe4 g6 20.Re2 Rad8 21.g4 Re6 
22.Kh1 Rf6 23.Ng2 Rb8 24.a4 Re6 25.Qf3 Nb4 26.Re4 Na6 27.Qd1 Nc5 28.f3 
Nxe4 29.fxe4 Qb4 30.Rb1 Rf8 31.Nh4 Qe7 32.Qe1 Qg5 33.h3 h5 34.Qg3 hxg4 35.
hxg4 Kg7 36.Kg2 Rh8 37.Nf3 Qe3 38.Ne1 Qe2+ 39.Kg1 Qa2 40.Rc1 Qxb3 41.Rc2 
Qxa4 42.g5 Qa1 43.Kg2 a4 44.Rf2 Qc1 45.Rf1 a3 46.Nf3 Qe3 0-1

[Event "Grand Prix #6 (w)"]
[Site "Jermuk ARM"]
[Date "2012.07.24"]
[Round "7"]
[White "Hou Yifan"]
[Black "Zhao Xue"]
[Result "1/2-1/2"]
[WhiteElo "2617"]
[BlackElo "2556"]
[EventDate "2012.07.16"]
[PlyCount "69"]

1.e4 e5 2.Nf3 Nc6 3.Bb5 Nf6 4.O-O Nxe4 5.d4 Nd6 6.Bxc6 dxc6 7.dxe5 Nf5 8.
Qxd8+ Kxd8 9.Nc3 Ke8 10.h3 h5 11.Rd1 Be7 12.Ne4 Be6 13.Nfg5 Rh6 14.g4 hxg4
15.hxg4 Bxg5 16.Nxg5 Nh4 17.f3 Bd5 18.Kf2 Ng6 19.Kg3 Kf8 20.b3 Nxe5 21.c4 
f6 22.cxd5 fxg5 23.Bxg5 Rd6 24.Bf4 Re8 25.Rh1 Re7 26.dxc6 Rxc6 27.Rad1 Ng6
28.Bg5 Re5 29.Rd8+ Kf7 30.f4 Rc3+ 31.Kf2 Rc2+ 32.Kf3 Rc3+ 33.Kf2 Rc2+ 34.
Kf3 Rc3+ 35.Kf2 1/2-1/2

[Event "Grand Prix #6 (w)"]
[Site "Jermuk ARM"]
[Date "2012.07.25"]
[Round "8"]
[White "Khurtsidze, Nino"]
[Black "Kosintseva, Nadezhda"]
[Result "1/2-1/2"]
[WhiteElo "2456"]
[BlackElo "2516"]
[EventDate "2012.07.16"]
[PlyCount "142"]

1.Nf3 d5 2.d4 Nf6 3.c4 e6 4.Nc3 Bb4 5.cxd5 exd5 6.Bg5 h6 7.Bh4 c5 8.e3 c4 
9.Ne5 Qa5 10.Qc2 Ne4 11.Nxc4 Qc7 12.Nd2 Nxc3 13.Rc1 O-O 14.bxc3 Ba3 15.Rb1
Be6 16.Bg3 Qe7 17.Bd3 Nc6 18.O-O Rac8 19.Qa4 Rfd8 20.Rb3 Bd6 21.Bxd6 Rxd6 
22.c4 dxc4 23.Nxc4 Rdd8 24.Rfb1 b6 25.Rc3 Qg5 26.Qc2 Ne7 27.Be4 Nd5 28.
Bxd5 Qxd5 29.Rc1 Rc7 30.Ne5 Rxc3 31.Qxc3 Rc8 32.Qd2 Rxc1+ 33.Qxc1 Qxa2 34.
e4 Qe2 35.f3 a5 36.h3 a4 37.d5 Bxd5 38.Qc8+ Kh7 39.Qf5+ g6 40.Nxg6 Qe3+ 
41.Kh2 Qg5 42.Nf8+ Kg7 43.Qh7+ Kxf8 44.exd5 a3 45.Qh8+ Ke7 46.Qd4 Qf6 47.
Qe4+ Kd8 48.Qc4 Qd6+ 49.f4 b5 50.Qxb5 Qxf4+ 51.Kh1 Qc1+ 52.Kh2 Qc7+ 53.Kh1
Qa7 54.Qb4 Kd7 55.Qf8 Qa4 56.Qxf7+ Kd6 57.Qf6+ Kc5 58.Qc3+ Kd6 59.Qf6+ Kc5
60.Qc3+ Kxd5 61.Qf3+ Kc5 62.Qe3+ Kc4 63.Qe4+ Kb3 64.Qe3+ Kc2 65.Qe2+ Kb1 
66.Qe1+ Kb2 67.Qe5+ Kc2 68.Qe2+ Kc3 69.Qe3+ Kb2 70.Qe5+ Kb1 71.Qe1+ Kb2 
1/2-1/2

[Event "Grand Prix #6 (w)"]
[Site "Jermuk ARM"]
[Date "2012.07.25"]
[Round "8"]
[White "Ju Wenjun"]
[Black "Batkhuyag, Munguntuul"]
[Result "1/2-1/2"]
[WhiteElo "2518"]
[BlackElo "2447"]
[EventDate "2012.07.16"]
[PlyCount "70"]

1.d4 d5 2.c4 c6 3.Nf3 Nf6 4.Nc3 Qb6 5.g3 dxc4 6.Bg2 g6 7.Ne5 Bg7 8.Nxc4 
Qa6 9.Ne5 O-O 10.O-O Rd8 11.e3 Be6 12.b3 Nd5 13.Nxd5 Bxd5 14.Bxd5 Rxd5 15.
Nd3 Rd8 16.Qc2 Nd7 17.Bb2 Qb5 18.Rad1 Qf5 19.f3 e5 20.e4 Qe6 21.dxe5 Nxe5 
22.Nxe5 Bxe5 23.Bxe5 Qxe5 24.f4 Qe7 25.e5 Rxd1 26.Rxd1 Rd8 27.Rd2 Rxd2 28.
Qxd2 Qc5+ 29.Kf1 Kg7 30.Qd8 Qc1+ 31.Ke2 Qh1 32.Qf6+ Kg8 33.Qd8+ Kg7 34.
Qf6+ Kg8 35.Qd8+ Kg7 1/2-1/2

[Event "Grand Prix #6 (w)"]
[Site "Jermuk ARM"]
[Date "2012.07.25"]
[Round "8"]
[White "Hou Yifan"]
[Black "Ruan Lufei"]
[Result "1-0"]
[WhiteElo "2617"]
[BlackElo "2483"]
[EventDate "2012.07.16"]
[PlyCount "79"]

1.e4 e5 2.Nf3 Nc6 3.Bb5 a6 4.Ba4 Nf6 5.d3 b5 6.Bb3 Bc5 7.c3 d6 8.O-O h6 9.
Be3 O-O 10.Nbd2 Re8 11.h3 Rb8 12.d4 Bb6 13.Bc2 Bd7 14.Re1 Qc8 15.a3 Na5 
16.b4 exd4 17.Bxd4 Bxd4 18.cxd4 Nc4 19.Nxc4 bxc4 20.Nd2 Bb5 21.Qf3 Qe6 22.
Rab1 d5 23.e5 Nh7 24.Nf1 Ng5 25.Qc3 f5 26.h4 Ne4 27.Qh3 Bd7 28.Rbc1 Qf7 
29.Qe3 Nf6 30.Qf3 Ng4 31.Qf4 h5 32.Ng3 Rf8 33.f3 Nh6 34.Qg5 Be8 35.e6 Qg6 
36.Re5 c6 37.Ne2 Kh7 38.Nf4 Qxg5 39.hxg5 Ng8 40.e7 1-0

[Event "Grand Prix #6 (w)"]
[Site "Jermuk ARM"]
[Date "2012.07.25"]
[Round "8"]
[White "Zhao Xue"]
[Black "Mkrtchian, Lilit"]
[Result "1-0"]
[WhiteElo "2556"]
[BlackElo "2450"]
[EventDate "2012.07.16"]
[PlyCount "69"]

1.d4 d5 2.c4 e6 3.Nc3 Be7 4.cxd5 exd5 5.Bf4 c6 6.Qc2 Bg4 7.e3 Bh5 8.Bd3 
Bg6 9.Bxg6 hxg6 10.Nge2 Nf6 11.O-O-O Nbd7 12.f3 Nb6 13.Kb1 Nh5 14.e4 Nxf4 
15.Nxf4 Qc7 16.Ncxd5 Nxd5 17.Nxd5 Qd6 18.Ne3 Qf4 19.Qb3 Qc7 20.e5 Qb6 21.
Qd3 Rd8 22.f4 Bc5 23.Nc2 Be7 24.g4 a6 25.f5 Qb5 26.Qg3 Qd5 27.Rhf1 Bg5 28.
h3 Qe4 29.Qb3 b5 30.e6 Qd5 31.exf7+ Kxf7 32.fxg6+ Kxg6 33.Qd3+ Kh6 34.h4 
Bxh4 35.Rf5 1-0

[Event "Grand Prix #6 (w)"]
[Site "Jermuk ARM"]
[Date "2012.07.26"]
[Round "9"]
[White "Kovalevskaya, Ekaterina"]
[Black "Hou Yifan"]
[Result "0-1"]
[WhiteElo "2417"]
[BlackElo "2617"]
[EventDate "2012.07.16"]
[PlyCount "168"]

1.Nf3 Nf6 2.g3 b6 3.Bg2 Bb7 4.O-O e6 5.c4 c5 6.Nc3 Be7 7.Re1 d6 8.e4 a6 9.
d4 cxd4 10.Nxd4 Qc7 11.b3 O-O 12.Bb2 Nbd7 13.Qe2 Rfe8 14.Rad1 Bf8 15.h3 
Rad8 16.Kh2 Qb8 17.Nc2 g6 18.f4 Bg7 19.Ne3 h5 20.Nf1 Nc5 21.b4 Ncd7 22.Nd2
h4 23.g4 g5 24.e5 dxe5 25.Bxb7 Qxb7 26.fxg5 Nh7 27.Nce4 Ndf8 28.Nf3 Ng6 
29.Qe3 Qc6 30.c5 bxc5 31.bxc5 Rd5 32.Nd6 Rb8 33.Ba3 Qa4 34.Rxd5 exd5 35.
Kh1 e4 36.c6 Qxc6 37.Nd4 Qa4 38.N6f5 Bxd4 39.Nxd4 Nxg5 40.Nf5 Ne6 41.Rf1 
Rb7 42.Rc1 Qd7 43.Bd6 Ng7 44.Nh6+ Kh7 45.Bc5 f5 46.Qg5 Ne6 47.Qf6 Nxc5 48.
gxf5 Qg7 49.fxg6+ Qxg6 50.Qxg6+ Kxg6 51.Rxc5 Kxh6 52.Rxd5 Rb5 53.Rd4 Re5 
54.Kg2 Kg5 55.Kf2 Kf4 56.Rd6 a5 57.Rf6+ Rf5 58.Rg6 Rg5 59.Rf6+ Ke5 60.Rh6 
Kd4 61.Rd6+ Rd5 62.Rb6 Rc5 63.Rd6+ Ke5 64.Rd8 Rc2+ 65.Ke3 Rc3+ 66.Ke2 Ra3 
67.Re8+ Kf4 68.Rf8+ Kg3 69.Re8 Rxa2+ 70.Ke3 Ra4 71.Rg8+ Kxh3 72.Kf4 Kh2 
73.Rc8 Kg2 74.Rc2+ Kf1 75.Rh2 Kg1 76.Rb2 h3 77.Rb1+ Kf2 78.Rb2+ Kf1 79.Rh2
Ra3 80.Kxe4 Kg1 81.Rb2 h2 82.Rb1+ Kg2 83.Rb2+ Kg3 84.Rb1 Ra2 0-1

[Event "Grand Prix #6 (w)"]
[Site "Jermuk ARM"]
[Date "2012.07.26"]
[Round "9"]
[White "Lahno, Kateryna"]
[Black "Khurtsidze, Nino"]
[Result "1/2-1/2"]
[WhiteElo "2537"]
[BlackElo "2456"]
[EventDate "2012.07.16"]
[PlyCount "74"]

1.e4 c5 2.Nf3 e6 3.c4 Nc6 4.Nc3 Nd4 5.d3 Ne7 6.g3 Nec6 7.Bg2 g6 8.O-O Bg7 
9.Nxd4 Nxd4 10.a3 a5 11.Rb1 O-O 12.b4 axb4 13.axb4 Nc6 14.Nb5 Nxb4 15.d4 
d6 16.Be3 Qe7 17.e5 dxe5 18.dxc5 Rd8 19.Qb3 Nc6 20.Nd6 Na5 21.Qb4 f5 22.
Ra1 Nc6 23.Qb6 Rxa1 24.Rxa1 e4 25.Ra8 Qd7 26.f3 Be5 27.fxe4 Bxd6 28.cxd6 
Qxd6 29.exf5 Qd1+ 30.Bf1 exf5 31.Qc7 Be6 32.Rxd8+ Nxd8 33.Qe5 Bxc4 34.Qe8+
Kg7 35.Qe5+ Kg8 36.Qe8+ Kg7 37.Qe5+ Kg8 1/2-1/2

[Event "Grand Prix #6 (w)"]
[Site "Jermuk ARM"]
[Date "2012.07.26"]
[Round "9"]
[White "Kosintseva, Nadezhda"]
[Black "Danielian, Elina"]
[Result "1-0"]
[WhiteElo "2516"]
[BlackElo "2480"]
[EventDate "2012.07.16"]
[PlyCount "127"]

1.e4 c6 2.d4 d5 3.e5 Bf5 4.Nf3 e6 5.Be2 c5 6.Be3 cxd4 7.Nxd4 Ne7 8.Nd2 
Nbc6 9.N2f3 Bg4 10.O-O Bxf3 11.Nxf3 g6 12.Bf4 Bg7 13.Bd3 O-O 14.c3 Rc8 15.
Qe2 h6 16.h3 d4 17.c4 Nb4 18.a3 Nxd3 19.Qxd3 Qc7 20.Rac1 Rfd8 21.Rfd1 g5 
22.Bh2 a5 23.Qe4 Qb6 24.Rd2 a4 25.Nxd4 Rd7 26.Nc6 Qxc6 27.Qxc6 Rxd2 28.
Qxa4 Rxb2 29.Rd1 Nc6 30.Bg3 h5 31.h4 gxh4 32.Bxh4 Nxe5 33.Bg3 Ng4 34.c5 
Bf6 35.Qd7 Rd8 36.Qxd8+ Bxd8 37.Rxd8+ Kh7 38.Kf1 Kg6 39.Ke1 e5 40.Rg8+ Kf5
41.Rb8 Rb5 42.a4 Rxc5 43.Rxb7 Kg6 44.Kd2 Rc4 45.a5 Ra4 46.Rb5 Ra2+ 47.Kc3 
f6 48.Kb3 Ra1 49.Bh4 e4 50.Rc5 e3 51.fxe3 Nxe3 52.Bf2 Nxg2 53.Bd4 Rd1 54.
Kc4 Rc1+ 55.Kd5 Rb1 56.a6 Nf4+ 57.Kd6 Rb6+ 58.Rc6 Rb5 59.a7 Ra5 60.Rc8 
Ra6+ 61.Kd7 Ne6 62.Bf2 h4 63.a8=Q Rxa8 64.Rxa8 1-0

[Event "Grand Prix #6 (w)"]
[Site "Jermuk ARM"]
[Date "2012.07.26"]
[Round "9"]
[White "Mkrtchian, Lilit"]
[Black "Ju Wenjun"]
[Result "1/2-1/2"]
[WhiteElo "2450"]
[BlackElo "2518"]
[EventDate "2012.07.16"]
[PlyCount "79"]

1.d4 Nf6 2.c4 g6 3.Nc3 Bg7 4.Nf3 O-O 5.Bg5 h6 6.Bh4 c5 7.e3 cxd4 8.Nxd4 d6
9.Be2 Nc6 10.O-O Bd7 11.Qd2 a6 12.Rfd1 Rc8 13.Rac1 Re8 14.h3 Nxd4 15.exd4 
g5 16.Bg3 e5 17.dxe5 dxe5 18.h4 g4 19.h5 Be6 20.Qxd8 Rcxd8 21.Bxe5 Rxd1+ 
22.Rxd1 Bxc4 23.Bxc4 Rxe5 24.Rd8+ Bf8 25.Nd5 Nxh5 26.Rd7 b5 27.Bb3 Bc5 28.
Ne3 g3 29.Bxf7+ Kf8 30.Bxh5 Rxh5 31.Rd3 Re5 32.Kf1 gxf2 33.Kxf2 Kg7 34.Kf3
Kg6 35.Nd5 Re1 36.Rc3 Rf1+ 37.Ke4 Re1+ 38.Kf3 Rf1+ 39.Ke4 Re1+ 40.Kf3 
1/2-1/2

[Event "Grand Prix #6 (w)"]
[Site "Jermuk ARM"]
[Date "2012.07.26"]
[Round "9"]
[White "Batkhuyag, Munguntuul"]
[Black "Humpy, Koneru"]
[Result "1/2-1/2"]
[WhiteElo "2447"]
[BlackElo "2598"]
[EventDate "2012.07.16"]
[PlyCount "54"]

1.e4 e5 2.Nf3 Nc6 3.Bb5 a6 4.Ba4 Nf6 5.Qe2 b5 6.Bb3 Bc5 7.c3 O-O 8.O-O d5 
9.exd5 e4 10.dxc6 exf3 11.Qxf3 Bg4 12.Qg3 Be2 13.d4 Bd6 14.Qh3 Bxf1 15.
Kxf1 Re8 16.Be3 Qc8 17.Qxc8 Raxc8 18.h3 Ne4 19.Ke2 Kf8 20.Nd2 Nxd2 21.Kxd2
f5 22.g3 Rb8 23.h4 Ke7 24.Bg5+ Kf8 25.Be3 Ke7 26.Bg5+ Kf8 27.Be3 Ke7 
1/2-1/2

[Event "Grand Prix #6 (w)"]
[Site "Jermuk ARM"]
[Date "2012.07.27"]
[Round "10"]
[White "Hou Yifan"]
[Black "Kosintseva, Nadezhda"]
[Result "1/2-1/2"]
[WhiteElo "2617"]
[BlackElo "2516"]
[EventDate "2012.07.16"]
[PlyCount "49"]

1.e4 e5 2.Nf3 Nc6 3.Bb5 a6 4.Ba4 Nf6 5.O-O Be7 6.Re1 b5 7.Bb3 O-O 8.d4 d6 
9.c3 Bg4 10.d5 Na5 11.Bc2 c6 12.h3 Bc8 13.dxc6 Qc7 14.Nbd2 Qxc6 15.Nf1 Be6
16.Ng5 Bd7 17.Ng3 Rfc8 18.a3 Nc4 19.a4 Na5 20.Re2 Bf8 21.Nf3 Be6 22.Ng5 
Bd7 23.Nf3 Be6 24.Ng5 Bd7 25.Nf3 1/2-1/2

[Event "Grand Prix #6 (w)"]
[Site "Jermuk ARM"]
[Date "2012.07.27"]
[Round "10"]
[White "Humpy, Koneru"]
[Black "Mkrtchian, Lilit"]
[Result "1-0"]
[WhiteElo "2598"]
[BlackElo "2450"]
[EventDate "2012.07.16"]
[PlyCount "63"]

1.d4 d5 2.c4 e6 3.Nc3 Be7 4.Qc2 dxc4 5.e3 Nf6 6.Bxc4 a6 7.Nf3 Nbd7 8.e4 b5
9.Bd3 Bb7 10.O-O c5 11.e5 Nd5 12.Be4 Nb4 13.Qe2 Bxe4 14.Qxe4 cxd4 15.Nxd4 
Nc5 16.Qg4 g6 17.Bh6 Qb6 18.Ndxb5 Nb7 19.Na3 Qc7 20.Rac1 Qxe5 21.Qf3 Qb8 
22.Nc4 Nd8 23.Na5 Ra7 24.a3 Nd5 25.Nxd5 exd5 26.Qc3 Rg8 27.Nc6 d4 28.Qxd4 
Nxc6 29.Rxc6 Rd7 30.Qc3 Qb7 31.Rc8+ Rd8 32.Rc7 1-0

[Event "Grand Prix #6 (w)"]
[Site "Jermuk ARM"]
[Date "2012.07.27"]
[Round "10"]
[White "Danielian, Elina"]
[Black "Lahno, Kateryna"]
[Result "1/2-1/2"]
[WhiteElo "2480"]
[BlackElo "2537"]
[EventDate "2012.07.16"]
[PlyCount "44"]

1.d4 Nf6 2.c4 g6 3.Nc3 d5 4.cxd5 Nxd5 5.Bd2 Bg7 6.e4 Nxc3 7.Bxc3 O-O 8.h4 
c5 9.d5 Bxc3+ 10.bxc3 e6 11.d6 Qf6 12.Qd2 Bd7 13.h5 Bc6 14.f3 Rd8 15.hxg6 
hxg6 16.Nh3 Qe5 17.O-O-O Rxd6 18.Qxd6 Qxc3+ 19.Kb1 Qb4+ 20.Ka1 Qc3+ 21.Kb1
Qb4+ 22.Ka1 Qc3+ 1/2-1/2

[Event "Grand Prix #6 (w)"]
[Site "Jermuk ARM"]
[Date "2012.07.27"]
[Round "10"]
[White "Khurtsidze, Nino"]
[Black "Batkhuyag, Munguntuul"]
[Result "1-0"]
[WhiteElo "2456"]
[BlackElo "2447"]
[EventDate "2012.07.16"]
[PlyCount "81"]

1.d4 d5 2.c4 c6 3.Nf3 Nf6 4.Nc3 a6 5.a4 Bf5 6.Qb3 Ra7 7.Bf4 e6 8.a5 dxc4 
9.Qxc4 Nd5 10.Bd2 b5 11.axb6 Qxb6 12.Na4 Qb5 13.Qc1 Qb3 14.Nc5 Bxc5 15.
Qxc5 Qxb2 16.Rc1 Re7 17.Ne5 O-O 18.f3 Nd7 19.Nxd7 Rxd7 20.e4 Re8 21.Rd1 
Nf6 22.Bc1 Qb3 23.Rd3 Qb1 24.exf5 exf5+ 25.Kf2 Rde7 26.Rd1 f4 27.Bc4 Nd7 
28.Bxf4 Qc2+ 29.Rd2 Qxd2+ 30.Bxd2 Nxc5 31.dxc5 Re5 32.Rc1 Rb8 33.Bf4 Rb2+ 
34.Kg3 Rf5 35.Bd3 Rh5 36.Be4 g5 37.Bd6 Rd2 38.Ra1 Rh4 39.Rxa6 f6 40.Rxc6 
Kf7 41.Rc7+ 1-0

[Event "Grand Prix #6 (w)"]
[Site "Jermuk ARM"]
[Date "2012.07.27"]
[Round "10"]
[White "Ruan Lufei"]
[Black "Kovalevskaya, Ekaterina"]
[Result "1/2-1/2"]
[WhiteElo "2483"]
[BlackElo "2417"]
[EventDate "2012.07.16"]
[PlyCount "112"]

1.e4 c5 2.Nf3 d6 3.d4 cxd4 4.Nxd4 Nf6 5.Nc3 Nc6 6.Bg5 e6 7.Qd2 Be7 8.O-O-O
O-O 9.f4 h6 10.Bh4 Nxd4 11.Qxd4 Qa5 12.Bc4 e5 13.fxe5 dxe5 14.Qd3 Bg4 15.
Bxf6 Bxf6 16.Rdf1 Bh4 17.Kb1 Qc5 18.g3 Be7 19.h3 Be6 20.Nd5 Rac8 21.Bb3 
Bd8 22.Rf3 b5 23.Qe3 Qxe3 24.Nxe3 Bb6 25.Nd5 Bc5 26.g4 Rfd8 27.a3 Rd7 28.
Rc3 Rb7 29.Rd1 Kf8 30.Ba2 Rbb8 31.Rf3 Ke8 32.b4 Bf8 33.Kb2 Rc6 34.Rc3 Rbc8
35.Rxc6 Rxc6 36.Bb3 Be7 37.c3 Bd8 38.c4 a6 39.cxb5 axb5 40.a4 Rc8 41.a5 
Bd7 42.Ra1 Bc6 43.a6 Ra8 44.Ra2 Kd7 45.Kc2 Ra7 46.Kc3 f6 47.h4 Kc8 48.h5 
Kb8 49.Kd3 Bd7 50.Ne3 Bb6 51.Nf5 Bxf5 52.gxf5 Rc7 53.Bd5 Ka7 54.Rg2 Bd4 
55.Rc2 Rxc2 56.Kxc2 Kxa6 1/2-1/2

[Event "Grand Prix #6 (w)"]
[Site "Jermuk ARM"]
[Date "2012.07.28"]
[Round "11"]
[White "Kovalevskaya, Ekaterina"]
[Black "Zhao Xue"]
[Result "1-0"]
[WhiteElo "2417"]
[BlackElo "2556"]
[EventDate "2012.07.16"]
[PlyCount "83"]

1.c4 Nf6 2.Nf3 e6 3.g3 b6 4.Bg2 Bb7 5.O-O c5 6.b3 Be7 7.Bb2 O-O 8.e3 d5 9.
Qe2 Nc6 10.Rd1 dxc4 11.bxc4 Qc7 12.Nc3 a6 13.Rab1 Rab8 14.Ba1 Rfd8 15.d3 
Na7 16.Qc2 Bc6 17.Ne2 Nd7 18.Nf4 Qb7 19.Qe2 b5 20.d4 Be4 21.d5 exd5 22.
Nxd5 Nb6 23.Nh4 Bxg2 24.Qg4 g6 25.Nxe7+ Qxe7 26.Kxg2 Nxc4 27.Nf5 Qb7+ 28.
Kh3 Nd2 29.Qg5 Qe4 30.Nh6+ Kf8 31.Qxc5+ Qe7 32.Qc3 Qe6+ 33.Ng4 Ne4 34.Qb4+
Nd6 35.Kg2 Nc6 36.Qc5 Qxg4 37.Rxd6 Ne7 38.Rbd1 Qe4+ 39.f3 Rxd6 40.Qxd6 
Qc2+ 41.Rd2 Qc8 42.Bf6 1-0

[Event "Grand Prix #6 (w)"]
[Site "Jermuk ARM"]
[Date "2012.07.28"]
[Round "11"]
[White "Ju Wenjun"]
[Black "Humpy, Koneru"]
[Result "0-1"]
[WhiteElo "2518"]
[BlackElo "2598"]
[EventDate "2012.07.16"]
[PlyCount "76"]

1.d4 d5 2.c4 e6 3.Nf3 Nf6 4.g3 dxc4 5.Bg2 a6 6.O-O Nc6 7.Nc3 Rb8 8.e4 Be7 
9.d5 Nb4 10.Ne5 exd5 11.exd5 Bf5 12.a3 Nd3 13.Nxc4 Nxc1 14.Rxc1 O-O 15.h3 
Ne8 16.g4 Bd7 17.f4 Bc5+ 18.Kh1 Nd6 19.Ne5 Re8 20.Qd3 Bb6 21.Rce1 Bb5 22.
Nxb5 axb5 23.g5 f6 24.Nf3 Qd7 25.gxf6 gxf6 26.Nd4 Bxd4 27.Qxd4 Qg7 28.Qd3 
Kh8 29.Re6 Rg8 30.Rf2 Rbf8 31.Rfe2 Rf7 32.Kh2 Qh6 33.Qf3 Rfg7 34.Rf2 Nf5 
35.Qd3 Qxf4+ 36.Kg1 Qc1+ 37.Kh2 Nh4 38.Bf1 Qg5 0-1

[Event "Grand Prix #6 (w)"]
[Site "Jermuk ARM"]
[Date "2012.07.28"]
[Round "11"]
[White "Mkrtchian, Lilit"]
[Black "Khurtsidze, Nino"]
[Result "1-0"]
[WhiteElo "2450"]
[BlackElo "2456"]
[EventDate "2012.07.16"]
[PlyCount "59"]

1.c4 c5 2.Nf3 Nf6 3.Nc3 e6 4.g3 b6 5.Bg2 Bb7 6.O-O d6 7.b3 Be7 8.Bb2 O-O 
9.d4 cxd4 10.Nxd4 Bxg2 11.Kxg2 a6 12.e3 Qc7 13.f4 Nc6 14.Qf3 Rac8 15.Rac1 
Rfe8 16.Rfd1 Nd7 17.Nxc6 Qxc6 18.g4 Qc7 19.g5 Qb8 20.Ne4 b5 21.f5 Bf8 22.
g6 fxg6 23.fxe6 Nc5 24.Qf7+ Kh8 25.Nf6 Qb7+ 26.Qxb7 Nxb7 27.Nxe8 Rxe8 28.
cxb5 axb5 29.b4 Ra8 30.Rc7 1-0

[Event "Grand Prix #6 (w)"]
[Site "Jermuk ARM"]
[Date "2012.07.28"]
[Round "11"]
[White "Kosintseva, Nadezhda"]
[Black "Ruan Lufei"]
[Result "1-0"]
[WhiteElo "2516"]
[BlackElo "2483"]
[EventDate "2012.07.16"]
[PlyCount "115"]

1.e4 e5 2.Nf3 Nc6 3.Bb5 Nf6 4.d3 Bc5 5.O-O d6 6.c3 O-O 7.Nbd2 Bb6 8.Nc4 
Ne7 9.Ba4 Ng6 10.Bc2 h6 11.h3 Be6 12.Nxb6 axb6 13.d4 Nh7 14.Be3 Qf6 15.Bb3
Bxb3 16.axb3 Qe7 17.dxe5 dxe5 18.Qd5 Rab8 19.b4 Nf6 20.Qc4 Rfd8 21.Rfe1 
Qd7 22.b5 Ne8 23.Qb3 Nd6 24.c4 Qe6 25.Nd2 Rd7 26.Qc2 Rbd8 27.b3 f5 28.exf5
Qxf5 29.Qd1 Nf7 30.Qe2 Nh4 31.Nf1 Qe4 32.Qg4 Qxg4 33.hxg4 Rd3 34.Ra7 Nd6 
35.Nd2 Ng6 36.Kf1 Nf4 37.Rea1 Ng6 38.Ra8 Nf7 39.Ke2 Nf4+ 40.Bxf4 exf4 41.
Ne4 Ne5 42.Rxd8+ Rxd8 43.Ra7 Re8 44.Rxb7 Nxg4 45.f3 Nf6 46.Rxc7 Nxe4 47.
fxe4 Rxe4+ 48.Kf3 Re3+ 49.Kxf4 Rxb3 50.Rc6 Rc3 51.Ke5 h5 52.c5 bxc5 53.b6 
Rb3 54.Kd6 g6 55.Kc7 Kg7 56.b7 Rxb7+ 57.Kxb7 h4 58.Kb6 1-0